|
|
|
|
| LEADER |
00000nab a2200000uu 4500 |
| 001 |
vtls011143944 |
| 003 |
SK-MaSNL |
| 005 |
20260303130009.0 |
| 008 |
230218|2005 xo |||||||||||||||||cze| |
| 015 |
|
|
|a SNBRB
|
| 035 |
|
|
|a (urnnbn)urn:nbn:sk:snk:ar-008h9j
|
| 035 |
|
|
|a (uuid)3dedd942-2350-466e-804b-8683e4ee8798
|
| 035 |
|
|
|a urn:nbn:sk:snk-abav2x
|
| 040 |
|
|
|a SNKBUCL
|b slo
|c SNKBUCL
|e AACR2
|
| 041 |
0 |
|
|a cze
|
| 044 |
|
|
|a xo
|c SK
|
| 100 |
1 |
|
|a Doněk, E.
|4 aut
|9 1144227
|
| 245 |
1 |
0 |
|a Počátky vědecké klasifikace demencí a Alois Alzheimer
|c E. Doněk, J. Doňková, A. Doněk
|
| 700 |
1 |
|
|a Doňková, J.
|4 aut
|9 1145111
|
| 700 |
1 |
|
|a Doněk, A.
|4 aut
|9 1144226
|
| 773 |
0 |
|
|t Česká a slovenská psychiatrie : časopis psychiatrické společnosti
|g Roč. 101, č. 1 (2005), s. 55-56
|
| 954 |
|
|
|a odborná, vedecká literatúra cudzojazyčná (svetová)
|2 lita
|
| 958 |
|
|
|a OND
|
| 958 |
|
|
|a EUIPO
|
| 958 |
|
|
|a article14
|
| 999 |
|
|
|c 1937648
|d 1939578
|